000 00902nam a22002177a 4500
005 20230314061645.0
008 230314b |||||||| |||| 00| 0 eng d
020 _a978-971-9645-16-0
082 _aFil. 647.2 D441 2016
100 _aDesacado, Christine Joanne L.
_eauthor
245 _aWorkplace English for the hospitality industry:
_bdeveloping hospitality professionals English language skills in the 21st century /
_cChristine Joanne Librero-Desacado, Hjalmar Punla Hernandez, Myrna Druga Medrano
260 _aQuezon City:
_bGreat Books Trading,
_cc2016.
300 _axii, 369p.;
_bill.
504 _aIncludes bibliographical references
541 _e5092 c.1, 5093 c.2
650 _aHotels - Employees - Training of
650 _aEnglish language - Study and teaching
650 _aWorkplace literacy
700 _aHernandez, Hjalmar P.
_eauthor
700 _aMedrano, Myrna D.
_eauthor
999 _c1828
_d1828